00331nam a2200121Ia 4500008004100000041000800041082001700049100001600066245003200082260005300114300003000167365001200197240624s9999 xx 000 0 und d aeng a658.4092 BRY aBRYMAN ALAN aSAGE HANDBOOK OF LEADERSHIP c2011aNew DelhibSage Publications India Pvt Ltd axxiii, : 551p. : cm. ; 25 cERUb30